000
00255nam a2200109Ia 4500
008
220204s9999 xx 000 0 und d
082
_a
159.9
_b
ART
245
0
_a
Random reader
260
_a
Bombay
_b
Arthur Hale
_c
1965
700
_a
Arthur, Hale
942
_c
BK
999
_c
20645
_d
20645